Peaceform Ltd v. Cussens and others (Record no. 78093)
[ view plain ]
| 000 -LEADER | |
|---|---|
| fixed length control field | 01669cab a2200205 4500 |
| 001 - CONTROL NUMBER | |
| control field | L136010 |
| 008 - FIXED-LENGTH DATA ELEMENTS--GENERAL INFORMATION | |
| fixed length control field | 070102n2006 000 0 eng u |
| 035 ## - SYSTEM CONTROL NUMBER | |
| System control number | (Sirsi) u136010 |
| 041 0# - LANGUAGE CODE | |
| Language code of text/sound track or separate title | eng |
| 245 00 - TITLE STATEMENT | |
| Title | Peaceform Ltd v. Cussens and others |
| 260 ## - PUBLICATION, DISTRIBUTION, ETC. | |
| Date of publication, distribution, etc. | 2006 |
| 520 ## - SUMMARY, ETC. | |
| Summary, etc. | [2006] EWHC 2657 (Ch), 16 October 2006. Concerned a tenant's option to purchase the freehold reversion of a property giving a notice period of less than the three months required in the lease. The tenants' solicitors had exercised or purported to exercise the option to buy the freehold reversion of the premises on the terms set out in the lease. However, the actual terms of the notice sent by the tenants to the landlord gave the wrong date for expiry and that error was repeated in a second letter. The court had to consider whether, in accordance with the principle set out in "Mannai Investment Co Ltd v Eagle Star Assurance" ((1997) AC 749, [1997] 1 EGLR 57), the notice was sufficiently clear and unambiguous so as to leave the landlord in no doubt as to how and when it was intended to operate. "Held": it was decided that the notice was invalid, not being sufficiently clear and unambiguous so as to have left a reasonable recipient, with the requisite knowledge, in no doubt as to its terms. |
| 590 ## - LOCAL NOTE (RLIN) | |
| Local note | KA |
| 650 24 - SUBJECT ADDED ENTRY--TOPICAL TERM | |
| Topical term or geographic name entry element | PEACEFORM V CUSSENS AND OTHERS |
| 650 24 - SUBJECT ADDED ENTRY--TOPICAL TERM | |
| Topical term or geographic name entry element | MANNAI INVESTMENT CO LTD V EAGLE STAR LIFE ASSURANCE CO LTD UK |
| 651 #4 - SUBJECT ADDED ENTRY--GEOGRAPHIC NAME | |
| Geographic name | England |
| Chronological subdivision | 886- |
| 690 ## - LOCAL SUBJECT ADDED ENTRY--TOPICAL TERM (OCLC, RLIN) | |
| Topical term or geographic name as entry element | PROPERTY-RESIDENTIAL PROPERTY-RESIDENTIAL LANDLORD AND TENANT |
| 856 40 - ELECTRONIC LOCATION AND ACCESS | |
| Uniform Resource Identifier | <a href="https://www.bailii.org/ew/cases/EWHC/Ch/2006/2657.html">https://www.bailii.org/ew/cases/EWHC/Ch/2006/2657.html</a> |
| Public note | View the judgment free of charge at www.bailli.org... |
| 942 ## - ADDED ENTRY ELEMENTS (KOHA) | |
| Suppress in OPAC | 0 |
| Withdrawn status | Lost status | Source of classification or shelving scheme | Damaged status | Not for loan | Home library | Current library | Shelving location | Date acquired | Total Checkouts | Full call number | Barcode | Date last seen | Copy number | Price effective from | Koha item type |
|---|---|---|---|---|---|---|---|---|---|---|---|---|---|---|---|
| Dewey Decimal Classification | Virtual | Virtual | Online | 02/01/2007 | ONLINE PUBLICATION | 136010-1001 | 06/08/2019 | 1 | 06/08/2019 | Law report |